[Event "LSS No Engine Cup 168 Preliminary 0"]
[Site "LSS email"]
[Date "2017.04.03"]
[Round "?"]
[White "Plotnikov, Vladimir Anatolievi"]
[Black "Zmolil, Karel"]
[Result "1-0"]
[WhiteElo "1774"]
[BlackElo "1657"]
[PlyCount "23"]
[EventDate "2017.04.04"]
[EventType "tourn (corr)"]
[EventRounds "6"]
[EventCountry "GER"]
[SourceTitle "Corr 2022"]
[Source "ChessBase"]
[SourceDate "2021.10.24"]
[SourceVersion "1"]
[SourceVersionDate "2021.10.24"]
[SourceQuality "1"]

1. e4 c5 2. Nf3 Nc6 3. d4 cxd4 4. Nxd4 d6 5. Nc3 Nf6 6. Bg5 Nd7 7. Ndb5 Nb6 8. a4 a5 9. Nd5 Nxd5 10. exd5 Ne5 11. Ra3 Bd7 12. Nxd6+ 1-0

[Event "LSS No Engine Cup 168 Preliminary 0"]
[Site "LSS email"]
[Date "2017.04.03"]
[Round "?"]
[White "Stadler, Pavel"]
[Black "Plotnikov, Vladimir Anatolievi"]
[Result "1-0"]
[WhiteElo "1889"]
[BlackElo "1774"]
[PlyCount "45"]
[EventDate "2017.04.04"]
[EventType "tourn (corr)"]
[EventRounds "6"]
[EventCountry "GER"]
[SourceTitle "Corr 2022"]
[Source "ChessBase"]
[SourceDate "2021.10.24"]
[SourceVersion "1"]
[SourceVersionDate "2021.10.24"]
[SourceQuality "1"]

1. e4 e5 2. f4 exf4 3. Nf3 g5 4. h4 g4 5. Ne5 Qe7 6. d4 d6 7. Nxg4 Qxe4+ 8. Qe2 Qe7 9. Qxe7+ Bxe7 10. Be2 h5 11. Nf2 Nc6 12. c3 Nf6 13. Bxf4 Nd5 14. Nd3 Bf5 15. Bd2 Kd7 16. 0-0 Bg6 17. Nf4 Nxf4 18. Rxf4 d5 19. Na3 Nd8 20. Be1 Re8 21. Bf1 Rg8 22. Nb1 Ne6 23. Rf3 1-0

[Event "LSS No Engine Cup 156 Final"]
[Site "LSS email"]
[Date "2017.03.26"]
[Round "?"]
[White "Kraujunas, Vladas"]
[Black "Plotnikov, Vladimir Anatolievi"]
[Result "1-0"]
[WhiteElo "1974"]
[BlackElo "1774"]
[PlyCount "38"]
[EventDate "2017.03.27"]
[EventType "tourn (corr)"]
[EventRounds "6"]
[EventCountry "GER"]
[SourceTitle "Corr 2022"]
[Source "ChessBase"]
[SourceDate "2021.10.24"]
[SourceVersion "1"]
[SourceVersionDate "2021.10.24"]
[SourceQuality "1"]

1. e4 e5 2. Nf3 Nc6 3. Bb5 a6 4. Ba4 Nf6 5. 0-0 b5 6. Bb3 Bb7 7. d3 Bc5 8. Nc3 0-0 9. a4 b4 10. Nd5 Nxd5 11. Bxd5 d6 12. c3 Rb8 13. d4 Ba7 14. Rb1 a5 15. Re1 h6 16. Bc4 Ba8 17. d5 Ne7 18. cxb4 Rxb4 19. b3 Rb8 1-0

[Event "LSS No Engine Cup 156 Final"]
[Site "LSS email"]
[Date "2017.03.26"]
[Round "?"]
[White "Plotnikov, Vladimir Anatolievi"]
[Black "Kulczycki, Michael"]
[Result "1/2-1/2"]
[WhiteElo "1774"]
[BlackElo "1984"]
[PlyCount "40"]
[EventDate "2017.03.27"]
[EventType "tourn (corr)"]
[EventRounds "6"]
[EventCountry "GER"]
[SourceTitle "Corr 2022"]
[Source "ChessBase"]
[SourceDate "2021.10.24"]
[SourceVersion "1"]
[SourceVersionDate "2021.10.24"]
[SourceQuality "1"]

1. e4 e5 2. Nf3 Nf6 3. d4 Nxe4 4. Bd3 d5 5. Nxe5 Bd6 6. Nd2 Bxe5 7. dxe5 Nc5 8. Nf3 Bg4 9. Be2 Ne6 10. c3 0-0 11. 0-0 c5 12. h3 Bf5 13. Qb3 b6 14. Rd1 Nc7 15. Bg5 Qe8 16. c4 d4 17. Re1 Bg6 18. Nh4 Nc6 19. Nxg6 hxg6 20. Qg3 Nb4 1/2-1/2

[Event "SC-2017-0-00318"]
[Site "LSS email"]
[Date "2017.03.21"]
[Round "?"]
[White "Plotnikov, Vladimir Anatolievi"]
[Black "Ederer, Karel"]
[Result "0-1"]
[WhiteElo "1564"]
[BlackElo "1949"]
[PlyCount "62"]
[EventDate "2017.01.17"]
[EventType "tourn (corr)"]
[EventRounds "6"]
[EventCountry "GER"]
[SourceTitle "Corr 2022"]
[Source "ChessBase"]
[SourceDate "2021.10.24"]
[SourceVersion "1"]
[SourceVersionDate "2021.10.24"]
[SourceQuality "1"]

1. e4 e5 2. Nf3 Nc6 3. Bb5 a6 4. Bxc6 dxc6 5. 0-0 f6 6. d4 exd4 7. Nxd4 c5 8. Nb3 Qxd1 9. Rxd1 Bg4 10. f3 Be6 11. Bf4 c4 12. Nd4 0-0-0 13. Nc3 Bf7 14. Kf2 Ne7 15. a4 h5 16. Be3 h4 17. h3 Rh5 18. f4 Re8 19. Rd2 Ng8 20. Rad1 Bb4 21. f5 Ne7 22. Nde2 g6 23. Nf4 Rh7 24. fxg6 Nxg6 25. Nfd5 Bxd5 26. exd5 Rh5 27. Bd4 Nf4 28. Kg1 Bxc3 29. Bxc3 Ne2+ 30. Kh2 Nxc3 31. bxc3 Re3 0-1

[Event "SC-2017-0-00318"]
[Site "LSS email"]
[Date "2017.03.21"]
[Round "?"]
[White "Plotnikov, Vladimir Anatolievi"]
[Black "Hardyn, Jaroslav"]
[Result "0-1"]
[WhiteElo "1564"]
[BlackElo "1732"]
[PlyCount "48"]
[EventDate "2017.01.17"]
[EventType "tourn (corr)"]
[EventRounds "6"]
[EventCountry "GER"]
[SourceTitle "Corr 2022"]
[Source "ChessBase"]
[SourceDate "2021.10.24"]
[SourceVersion "1"]
[SourceVersionDate "2021.10.24"]
[SourceQuality "1"]

1. e4 e5 2. Nf3 Nc6 3. Bb5 d6 4. d4 Bg4 5. Nc3 exd4 6. Bxc6+ bxc6 7. Qxd4 Ne7 8. Be3 c5 9. Qc4 Be6 10. Qe2 Rb8 11. 0-0-0 Qc8 12. Nd5 Qb7 13. b3 c4 14. Qxc4 c6 15. Qa4 Ng6 16. Kb2 Bd7 17. Nc3 c5 18. Qc4 Be7 19. h4 0-0 20. h5 Be6 21. Nd5 Ne5 22. Nxe5 Bxd5 23. Rxd5 dxe5 24. Rhd1 Qb4 0-1

[Event "LSS No Engine Cup 154 Final"]
[Site "LSS email"]
[Date "2017.02.27"]
[Round "?"]
[White "Hermans, Marcel"]
[Black "Plotnikov, Vladimir Anatolievi"]
[Result "1/2-1/2"]
[WhiteElo "2097"]
[BlackElo "1754"]
[PlyCount "68"]
[EventDate "2017.02.28"]
[EventType "tourn (corr)"]
[EventRounds "6"]
[EventCountry "GER"]
[SourceTitle "Corr 2022"]
[Source "ChessBase"]
[SourceDate "2021.10.24"]
[SourceVersion "1"]
[SourceVersionDate "2021.10.24"]
[SourceQuality "1"]

1. e4 e5 2. Nc3 Nf6 3. f4 d5 4. fxe5 Nxe4 5. Qf3 Nc6 6. Bb5 Nxc3 7. dxc3 Qh4+ 8. g3 Qe4+ 9. Qxe4 dxe4 10. Bf4 Bd7 11. Ne2 0-0-0 12. Bc4 Be6 13. Bxe6+ fxe6 14. Rd1 Rxd1+ 15. Kxd1 Be7 16. Nd4 Rd8 17. Be3 Nxe5 18. Ke2 Kd7 19. Rd1 Nc4 20. b3 Nxe3 21. Kxe3 Ke8 22. Re1 Rd6 23. Kxe4 Bf6 24. Re3 c5 25. Nf3 b5 26. a3 Ra6 27. Kd3 Rxa3 28. c4 b4 29. Rxe6+ Kd7 30. Re1 a5 31. Nd2 a4 32. Ne4 Bd4 33. Nd2 h6 34. Re2 Bf6 1/2-1/2

[Event "LSS No Engine Cup 154 Final"]
[Site "LSS email"]
[Date "2017.02.27"]
[Round "?"]
[White "Plotnikov, Vladimir Anatolievi"]
[Black "Dogan, Ahmet"]
[Result "0-1"]
[WhiteElo "1754"]
[BlackElo "1950"]
[PlyCount "34"]
[EventDate "2017.02.28"]
[EventType "tourn (corr)"]
[EventRounds "6"]
[EventCountry "GER"]
[SourceTitle "Corr 2022"]
[Source "ChessBase"]
[SourceDate "2021.10.24"]
[SourceVersion "1"]
[SourceVersionDate "2021.10.24"]
[SourceQuality "1"]

1. e4 c5 2. Nf3 d6 3. d4 cxd4 4. Nxd4 Nf6 5. Nc3 a6 6. Bg5 e6 7. Qf3 Be7 8. Be2 e5 9. Nf5 Bxf5 10. exf5 0-0 11. Bxf6 Bxf6 12. Qxb7 Nd7 13. 0-0 Nc5 14. Qf3 e4 15. Nxe4 Nxe4 16. Qxe4 Re8 17. Qf3 Bxb2 0-1

[Event "LSS No Engine Cup 154 Final"]
[Site "LSS email"]
[Date "2017.02.27"]
[Round "?"]
[White "Weiss, Lester"]
[Black "Plotnikov, Vladimir Anatolievi"]
[Result "1/2-1/2"]
[WhiteElo "2121"]
[BlackElo "1754"]
[PlyCount "46"]
[EventDate "2017.02.28"]
[EventType "tourn (corr)"]
[EventRounds "6"]
[EventCountry "GER"]
[SourceTitle "Corr 2022"]
[Source "ChessBase"]
[SourceDate "2021.10.24"]
[SourceVersion "1"]
[SourceVersionDate "2021.10.24"]
[SourceQuality "1"]

1. e4 e5 2. Nf3 Nc6 3. Bc4 Bc5 4. c3 Nf6 5. d3 0-0 6. 0-0 d6 7. h3 h6 8. Bb3 Re8 9. Nbd2 a6 10. Re1 Be6 11. Bc2 Ba7 12. Nf1 d5 13. exd5 Nxd5 14. Ng3 Qd6 15. Nh4 Qe7 16. Qh5 Rad8 17. d4 Nf4 18. Bxf4 exf4 19. Ngf5 Qg5 20. Qxg5 hxg5 21. Nf3 g6 22. Nh6+ Kg7 23. Ng4 f6 1/2-1/2

[Event "LSS No Engine Cup 167 Preliminary 0"]
[Site "LSS email"]
[Date "2017.02.26"]
[Round "?"]
[White "Plotnikov, Vladimir Anatolievi"]
[Black "Lenz, Juergen"]
[Result "1-0"]
[WhiteElo "1754"]
[BlackElo "1342"]
[PlyCount "61"]
[EventDate "2017.02.27"]
[EventType "tourn (corr)"]
[EventRounds "6"]
[EventCountry "GER"]
[SourceTitle "Corr 2022"]
[Source "ChessBase"]
[SourceDate "2021.10.24"]
[SourceVersion "1"]
[SourceVersionDate "2021.10.24"]
[SourceQuality "1"]

1. e4 Nf6 2. e5 Nd5 3. d4 d6 4. Nf3 Nc6 5. c4 Nb6 6. Nc3 Bf5 7. Nh4 Bd7 8. e6 Bxe6 9. d5 Qd7 10. dxe6 Qxe6+ 11. Be2 g6 12. Nd5 0-0-0 13. Nf3 h6 14. 0-0 Bg7 15. Re1 f5 16. a4 Ne5 17. Nd4 Qf7 18. Nxb6+ cxb6 19. a5 Kb8 20. axb6 a6 21. b4 Nxc4 22. Nc6+ bxc6 23. Rxa6 e5 24. Qa4 Qb7 25. Bxc4 d5 26. Be3 dxc4 27. Ra7 Rd7 28. Rxb7+ Rxb7 29. Ra1 Kc8 30. Qxc6+ Kb8 31. Qd6+ 1-0

[Event "LSS No Engine Cup 167 Preliminary 0"]
[Site "LSS email"]
[Date "2017.02.26"]
[Round "?"]
[White "Plotnikov, Vladimir Anatolievi"]
[Black "Verich, Oleg"]
[Result "1-0"]
[WhiteElo "1754"]
[BlackElo "1470"]
[PlyCount "41"]
[EventDate "2017.02.27"]
[EventType "tourn (corr)"]
[EventRounds "6"]
[EventCountry "GER"]
[SourceTitle "Corr 2022"]
[Source "ChessBase"]
[SourceDate "2021.10.24"]
[SourceVersion "1"]
[SourceVersionDate "2021.10.24"]
[SourceQuality "1"]

1. e4 e5 2. Nf3 Nc6 3. Bb5 a6 4. Bxc6 dxc6 5. 0-0 Bd6 6. d4 Bg4 7. dxe5 Bxf3 8. Qxf3 Bxe5 9. Nd2 Ne7 10. Nc4 Ng6 11. Qb3 b5 12. Nxe5 Nxe5 13. Qc3 f6 14. f4 Ng4 15. Qxc6+ Kf8 16. h3 Nh6 17. Be3 Nf7 18. Rad1 Qc8 19. Rd7 Rb8 20. Rfd1 Nd6 21. Rxc7 1-0

[Event "LSS No Engine Cup 167 Preliminary 0"]
[Site "LSS email"]
[Date "2017.02.26"]
[Round "?"]
[White "Vogel, Helmut"]
[Black "Plotnikov, Vladimir Anatolievi"]
[Result "1/2-1/2"]
[WhiteElo "1912"]
[BlackElo "1754"]
[PlyCount "82"]
[EventDate "2017.02.27"]
[EventType "tourn (corr)"]
[EventRounds "6"]
[EventCountry "GER"]
[SourceTitle "Corr 2022"]
[Source "ChessBase"]
[SourceDate "2021.10.24"]
[SourceVersion "1"]
[SourceVersionDate "2021.10.24"]
[SourceQuality "1"]

1. e4 e5 2. Nf3 Nc6 3. Bb5 a6 4. Ba4 Nf6 5. 0-0 d6 6. Re1 Bd7 7. c3 b5 8. Bc2 g6 9. d4 Bg7 10. Nbd2 0-0 11. h3 Re8 12. a3 Nh5 13. Nb3 a5 14. dxe5 Nxe5 15. Nxe5 Bxe5 16. Nd4 a4 17. Be3 Nf4 18. Nf3 Be6 19. Nxe5 dxe5 20. Qxd8 Raxd8 21. Rad1 Bc4 22. Kh2 Nd3 23. Bxd3 Rxd3 24. Bg5 Kg7 25. Rxd3 Bxd3 26. f3 f6 27. Be3 Rd8 28. Rd1 Kf7 29. Kg3 Ke6 30. Bc5 Rd7 31. Kf2 Bc2 32. Rxd7 Kxd7 33. Ke3 Ke6 34. Bf8 f5 35. g4 f4+ 36. Kd2 Bb3 37. g5 Bc4 38. Bc5 Kf7 39. Bb4 Ke8 40. Bc5 Be6 41. h4 Kd7 1/2-1/2

[Event "SC-2017-0-00317"]
[Site "LSS email"]
[Date "2017.02.23"]
[Round "?"]
[White "Lisakowski, Christof"]
[Black "Plotnikov, Vladimir Anatolievi"]
[Result "1-0"]
[WhiteElo "1761"]
[BlackElo "1547"]
[PlyCount "53"]
[EventDate "2016.12.20"]
[EventType "tourn (corr)"]
[EventRounds "6"]
[EventCountry "GER"]
[SourceTitle "Corr 2022"]
[Source "ChessBase"]
[SourceDate "2021.10.24"]
[SourceVersion "1"]
[SourceVersionDate "2021.10.24"]
[SourceQuality "1"]

1. Nf3 d5 2. c4 d4 3. g3 Nc6 4. Bg2 Nf6 5. 0-0 e5 6. d3 Bd6 7. e3 0-0 8. exd4 exd4 9. Na3 Re8 10. Nb5 Bg4 11. h3 Bxf3 12. Qxf3 Be5 13. Re1 a6 14. Na3 Qd6 15. Bd2 Nd7 16. Rab1 Bf6 17. b4 Nde5 18. Qe2 Qd7 19. Qf1 Ng6 20. Be4 Nge7 21. Qg2 h6 22. Nc2 Nf5 23. Na1 Nd6 24. Bxc6 bxc6 25. Nb3 Nb7 26. Qf3 Kh7 27. Kg2 1-0

[Event "SC-2017-0-00317"]
[Site "LSS email"]
[Date "2017.02.21"]
[Round "?"]
[White "Plotnikov, Vladimir Anatolievi"]
[Black "De Gouveia, Pedro"]
[Result "0-1"]
[WhiteElo "1547"]
[BlackElo "1806"]
[PlyCount "64"]
[EventDate "2016.12.20"]
[EventType "tourn (corr)"]
[EventRounds "6"]
[EventCountry "GER"]
[SourceTitle "Corr 2022"]
[Source "ChessBase"]
[SourceDate "2021.10.24"]
[SourceVersion "1"]
[SourceVersionDate "2021.10.24"]
[SourceQuality "1"]

1. e4 Nf6 2. e5 Nd5 3. d4 d6 4. Nf3 dxe5 5. c4 e4 6. cxd5 exf3 7. Qxf3 c6 8. Bc4 e6 9. dxe6 Bxe6 10. Bxe6 fxe6 11. Qb3 Qd7 12. Nc3 Na6 13. 0-0 0-0-0 14. Bg5 Be7 15. Bxe7 Qxe7 16. Rad1 Rd7 17. Rfe1 Nc7 18. d5 cxd5 19. Nxd5 Nxd5 20. Rxd5 exd5 21. Rxe7 Rxe7 22. Kf1 Rd8 23. Qc2+ Kb8 24. Qxh7 d4 25. Qd3 g5 26. h3 Rd6 27. Kg1 Ree6 28. g3 a6 29. Kg2 Rf6 30. a4 Rd5 31. g4 Rdd6 32. Kg3 Ka7 0-1

[Event "RC-2017-0-00205"]
[Site "LSS email"]
[Date "2017.02.21"]
[Round "?"]
[White "Plotnikov, Vladimir Anatolievi"]
[Black "Eide, John Henning"]
[Result "1-0"]
[WhiteElo "1547"]
[BlackElo "1676"]
[PlyCount "89"]
[EventDate "2016.12.23"]
[EventType "tourn (corr)"]
[EventRounds "6"]
[EventCountry "GER"]
[SourceTitle "Corr 2022"]
[Source "ChessBase"]
[SourceDate "2021.10.24"]
[SourceVersion "1"]
[SourceVersionDate "2021.10.24"]
[SourceQuality "1"]

1. e4 c5 2. Nf3 Nc6 3. d4 cxd4 4. Nxd4 e6 5. Nb5 d6 6. N1c3 a6 7. Nd4 Be7 8. Nxc6 bxc6 9. Qd3 d5 10. Qg3 Nf6 11. e5 Nh5 12. Qh3 g6 13. g4 Ng7 14. Bh6 0-0 15. 0-0-0 a5 16. Qg3 Bh4 17. Qe3 f5 18. g5 Rb8 19. f4 a4 20. a3 Qa5 21. Rd4 Qb6 22. Nd1 c5 23. Rxa4 Rf7 24. Qd2 Ne8 25. Qa5 Qc6 26. Bg2 Rfb7 27. b3 Bd7 28. Rc4 Rb5 29. Qc3 Qc7 30. Ra4 Rxb3 31. cxb3 Bxa4 32. bxa4 c4 33. Ne3 Qc5 34. Nc2 Bf2 35. Rd1 Nc7 36. Qa1 c3 37. Rd3 d4 38. Nb4 Rxb4 39. axb4 Qc4 40. Qb1 Be3+ 41. Rxe3 dxe3 42. Bf3 Qf1+ 43. Kc2 Qxf3 44. Qd1 Qxf4 45. Qd8+ 1-0

[Event "WC-2017-P-00016"]
[Site "LSS email"]
[Date "2017.01.23"]
[Round "?"]
[White "Nowak, Ireneusz"]
[Black "Plotnikov, Vladimir Anatolievi"]
[Result "1-0"]
[WhiteElo "2093"]
[BlackElo "1566"]
[PlyCount "41"]
[EventDate "2017.02.01"]
[EventType "tourn (corr)"]
[EventRounds "12"]
[EventCountry "GER"]
[SourceTitle "Corr 2022"]
[Source "ChessBase"]
[SourceDate "2021.10.24"]
[SourceVersion "1"]
[SourceVersionDate "2021.10.24"]
[SourceQuality "1"]

1. e4 e5 2. Nf3 Nc6 3. d4 exd4 4. Nxd4 Nf6 5. Nxc6 bxc6 6. e5 Qe7 7. Qe2 Nd5 8. c4 Ba6 9. b3 Qh4 10. a3 Bc5 11. g3 Bxf2+ 12. Qxf2 Qe4+ 13. Kd1 Qxh1 14. Nd2 Nc3+ 15. Kc2 Ne4 16. Nxe4 Qxe4+ 17. Bd3 Qg4 18. Bf5 Qh5 19. h4 f6 20. exf6 gxf6 21. Bb2 1-0

[Event "WC-2017-P-00016"]
[Site "LSS email"]
[Date "2017.01.23"]
[Round "?"]
[White "Plotnikov, Vladimir Anatolievi"]
[Black "Nowak, Ireneusz"]
[Result "0-1"]
[WhiteElo "1566"]
[BlackElo "2093"]
[PlyCount "42"]
[EventDate "2017.02.01"]
[EventType "tourn (corr)"]
[EventRounds "12"]
[EventCountry "GER"]
[SourceTitle "Corr 2022"]
[Source "ChessBase"]
[SourceDate "2021.10.24"]
[SourceVersion "1"]
[SourceVersionDate "2021.10.24"]
[SourceQuality "1"]

1. e4 c6 2. d4 d5 3. e5 Bf5 4. Nc3 e6 5. Nge2 c5 6. Be3 Nd7 7. Qd2 Ne7 8. 0-0-0 Nc6 9. dxc5 Bxc5 10. Bxc5 Nxc5 11. Nd4 Bg6 12. Bb5 Qb6 13. f3 h6 14. Qe3 0-0 15. h4 Rac8 16. h5 Bh7 17. g4 Nd7 18. Bxc6 bxc6 19. g5 c5 20. Nb3 d4 21. Qg1 Kh8 0-1

[Event "WC-2017-P-00016"]
[Site "LSS email"]
[Date "2017.01.23"]
[Round "?"]
[White "Plotnikov, Vladimir Anatolievi"]
[Black "Podvoysky, Evgeny"]
[Result "0-1"]
[WhiteElo "1566"]
[BlackElo "2280"]
[PlyCount "82"]
[EventDate "2017.02.01"]
[EventType "tourn (corr)"]
[EventRounds "12"]
[EventCountry "GER"]
[SourceTitle "Corr 2022"]
[Source "ChessBase"]
[SourceDate "2021.10.24"]
[SourceVersion "1"]
[SourceVersionDate "2021.10.24"]
[SourceQuality "1"]

1. e4 c5 2. Nf3 d6 3. d4 cxd4 4. Qxd4 a6 5. Nc3 Nc6 6. Qa4 Bd7 7. Qb3 Rb8 8. a4 Nf6 9. Bg5 Be6 10. Qa3 h6 11. Bd2 Bd7 12. Bd3 Bg4 13. 0-0-0 e6 14. Kb1 d5 15. Qa2 Nb4 16. Qb3 Nxd3 17. cxd3 d4 18. Ne2 e5 19. a5 Nd7 20. Rc1 Be7 21. Ng3 b6 22. Rc6 bxa5 23. Qa2 Rb5 24. Nf5 Bxf5 25. exf5 0-0 26. Re1 Nc5 27. Nxe5 Nb3 28. Bf4 Re8 29. Bg3 Bd6 30. f4 Bxe5 31. fxe5 Qd7 32. Rc2 Qxf5 33. Rd1 Rc8 34. Rxc8+ Qxc8 35. Qa3 Qg4 36. Re1 Qg6 37. Rd1 Rb4 38. Be1 Qg4 39. Rc1 Nxc1 40. Bxb4 axb4 41. Qxb4 Qd1 0-1

[Event "WC-2017-P-00016"]
[Site "LSS email"]
[Date "2017.01.23"]
[Round "?"]
[White "Podvoysky, Evgeny"]
[Black "Plotnikov, Vladimir Anatolievi"]
[Result "1-0"]
[WhiteElo "2280"]
[BlackElo "1566"]
[PlyCount "85"]
[EventDate "2017.02.01"]
[EventType "tourn (corr)"]
[EventRounds "12"]
[EventCountry "GER"]
[SourceTitle "Corr 2022"]
[Source "ChessBase"]
[SourceDate "2021.10.24"]
[SourceVersion "1"]
[SourceVersionDate "2021.10.24"]
[SourceQuality "1"]

1. e4 Nc6 2. d4 d5 3. e5 Bf5 4. c3 e6 5. Nd2 f6 6. f4 Qd7 7. Ngf3 0-0-0 8. Be2 h5 9. Nh4 Bh7 10. Bxh5 Be7 11. Ng6 Bxg6 12. Bxg6 fxe5 13. fxe5 Bh4+ 14. Ke2 Nge7 15. Bd3 Nf5 16. Nf3 Be7 17. Bg5 Bxg5 18. Nxg5 Rdf8 19. Qd2 Rh5 20. Raf1 Rfh8 21. Qf4 Nce7 22. h4 c5 23. g4 Rxh4 24. Rxh4 Rxh4 25. Qf3 c4 26. Bc2 Nh6 27. Qf8+ Kc7 28. Ba4 Nc6 29. Bxc6 Qxc6 30. Qe7+ Kb6 31. Nxe6 Rh2+ 32. Kf3 a6 33. Kg3 Re2 34. Rf8 Re3+ 35. Kf4 Re4+ 36. Kf3 Nxg4 37. Rb8 Nh2+ 38. Kg3 Nf1+ 39. Kf2 Ka7 40. Qd8 b6 41. Rc8 Qb7 42. Rc7 Ne3 43. Rxb7+ 1-0

[Event "LSS No Engine Cup 160 Preliminary 0"]
[Site "LSS email"]
[Date "2016.10.06"]
[Round "?"]
[White "Plotnikov, Vladimir Anatolievi"]
[Black "Melnikoff, Evgeniy"]
[Result "1-0"]
[WhiteElo "1673"]
[BlackElo "1841"]
[PlyCount "47"]
[EventDate "2016.10.07"]
[EventType "tourn (corr)"]
[EventRounds "6"]
[EventCountry "GER"]
[SourceTitle "Corr 2022"]
[Source "ChessBase"]
[SourceDate "2021.10.24"]
[SourceVersion "1"]
[SourceVersionDate "2021.10.24"]
[SourceQuality "1"]

1. e4 c5 2. Nf3 Nc6 3. d4 cxd4 4. Nxd4 Nf6 5. Nc3 e5 6. Ndb5 d6 7. Bg5 a6 8. Na3 b5 9. Bxf6 gxf6 10. Nd5 Bg7 11. Bd3 Ne7 12. Nxe7 Qxe7 13. 0-0 0-0 14. c4 b4 15. Nc2 a5 16. Ne3 Be6 17. Qh5 Kh8 18. Rfd1 Rg8 19. Be2 Bf8 20. Nd5 Bxd5 21. Rxd5 Qc7 22. Rad1 Rg5 23. Qf3 Be7 24. c5 1-0

[Event "CP-2016-P-00033"]
[Site "LSS email"]
[Date "2016.09.27"]
[Round "?"]
[White "Plotnikov, Vladimir Anatolievi"]
[Black "Misericordia, Antonio"]
[Result "0-1"]
[WhiteElo "1468"]
[BlackElo "2323"]
[PlyCount "138"]
[EventDate "2016.10.01"]
[EventType "tourn (corr)"]
[EventRounds "6"]
[EventCountry "GER"]
[SourceTitle "Corr 2022"]
[Source "ChessBase"]
[SourceDate "2021.10.24"]
[SourceVersion "1"]
[SourceVersionDate "2021.10.24"]
[SourceQuality "1"]

1. e4 c5 2. Nf3 d6 3. d4 Nf6 4. Nc3 cxd4 5. Qxd4 Nc6 6. Bb5 Bd7 7. Qd3 a6 8. Bxc6 Bxc6 9. Nd4 Rc8 10. Be3 e6 11. Nxc6 Rxc6 12. 0-0 Be7 13. Rad1 0-0 14. Bd4 Qc7 15. Rfe1 Rd8 16. a3 b5 17. h3 Rc4 18. Qe3 Qb7 19. e5 Ne8 20. Rd3 Rdc8 21. Qg3 d5 22. b3 R4c6 23. b4 Rc4 24. Qe3 h6 25. Rb1 R8c6 26. Rb3 Bg5 27. f4 Bd8 28. Kf1 Rc8 29. Bc5 Be7 30. Bd4 g5 31. g4 gxf4 32. Qxf4 Bg5 33. Qf2 Qe7 34. Bc5 Qc7 35. Qe1 Bf4 36. Bd4 Qb8 37. Kg1 Rxd4 38. Rxd4 Bxe5 39. Rd3 Rc4 40. Qe2 Nf6 41. Nd1 Bd4+ 42. Kg2 Qc7 43. c3 Ba7 44. Rb2 Re4 45. Qf3 Re1 46. Ne3 Nd7 47. Rbd2 Nf8 48. Qf2 Rc1 49. Qf6 Ng6 50. Rf2 Re1 51. Rf3 Re2+ 52. Kf1 Rh2 53. Rf2 Rxf2+ 54. Qxf2 Nf4 55. Qg3 Qe5 56. Rd1 Qe4 57. Rd4 Qh1+ 58. Kf2 Nxh3+ 59. Ke2 Bxd4 60. cxd4 Ng5 61. Ng2 Qc1 62. Qd3 Qb2+ 63. Kf1 Ne4 64. Qe3 Qb1+ 65. Ke2 Qc2+ 66. Kf1 Qd1+ 67. Ne1 Kh7 68. Qf4 Kg6 69. Qe3 Kg7 0-1

[Event "CP-2016-P-00033"]
[Site "LSS email"]
[Date "2016.09.27"]
[Round "?"]
[White "Sutkalenko, Dmitrij"]
[Black "Plotnikov, Vladimir Anatolievi"]
[Result "1-0"]
[WhiteElo "2305"]
[BlackElo "1468"]
[PlyCount "105"]
[EventDate "2016.10.01"]
[EventType "tourn (corr)"]
[EventRounds "6"]
[EventCountry "GER"]
[SourceTitle "Corr 2022"]
[Source "ChessBase"]
[SourceDate "2021.10.24"]
[SourceVersion "1"]
[SourceVersionDate "2021.10.24"]
[SourceQuality "1"]

1. e4 e5 2. Nf3 Nf6 3. Nxe5 d6 4. Nf3 Nxe4 5. d4 d5 6. Bd3 Be7 7. 0-0 Nc6 8. c4 Nf6 9. Nc3 0-0 10. cxd5 Nxd5 11. Be4 Be6 12. Re1 Re8 13. Qd3 Ndb4 14. Bxh7+ Kh8 15. Qe4 Bf6 16. Be3 Bd5 17. Qf5 Bxf3 18. gxf3 g6 19. Qh3 Bh4 20. Bxg6 fxg6 21. d5 Nxd5 22. Red1 Re5 23. Rxd5 Rxd5 24. Nxd5 Qxd5 25. Qxh4+ Kg8 26. Kg2 Rf8 27. Qg4 Rf7 28. Re1 Re7 29. Re2 b6 30. Rd2 Qf5 31. Bf4 Kg7 32. Qg3 Qf7 33. b3 Kg8 34. Rd1 Kg7 35. Bc1 Kg8 36. Bb2 Qe6 37. Rc1 b5 38. Rc5 a6 39. Rh5 Kf7 40. Qf4+ Ke8 41. Rh8+ Kd7 42. Ba3 Re8 43. Rh7+ Ne7 44. Qg5 Kd8 45. Rg7 Kd7 46. h4 c6 47. Qc5 Qf6 48. Rh7 a5 49. Qa7+ Ke6 50. Bc5 a4 51. Ba3 axb3 52. axb3 g5 53. Qc5 1-0

[Event "LSS No Engine Cup 157 Preliminary 0"]
[Site "LSS email"]
[Date "2016.08.07"]
[Round "?"]
[White "Plotnikov, Vladimir Anatolievi"]
[Black "Martin, Hector Eduardo Lope"]
[Result "1-0"]
[WhiteElo "1656"]
[BlackElo "1401"]
[PlyCount "71"]
[EventDate "2016.08.08"]
[EventType "tourn (corr)"]
[EventRounds "6"]
[EventCountry "GER"]
[SourceTitle "Corr 2022"]
[Source "ChessBase"]
[SourceDate "2021.10.24"]
[SourceVersion "1"]
[SourceVersionDate "2021.10.24"]
[SourceQuality "1"]

1. e4 e5 2. Nf3 Nc6 3. Bc4 Bc5 4. c3 Qf6 5. d4 Bb6 6. d5 Na5 7. Bd3 d6 8. b4 c5 9. bxa5 Bc7 10. Bb5+ Kf8 11. Qa4 Bg4 12. Nbd2 g6 13. h3 Bxf3 14. Nxf3 h6 15. Rb1 Qd8 16. a6 b6 17. 0-0 Kg7 18. Be3 Nf6 19. Rfe1 Nh5 20. g3 Qf6 21. Kg2 Raf8 22. Qc4 Qe7 23. Qe2 Nf6 24. Qd3 Bb8 25. a4 Qd8 26. Bc6 Bc7 27. a5 Qe7 28. Nd2 Rb8 29. axb6 Bxb6 30. Nc4 Qc7 31. f4 Ne8 32. fxe5 dxe5 33. Nxe5 Nd6 34. Nd7 c4 35. Bxb6 cxd3 36. Bxc7 1-0

[Event "SD-2016-0-00261"]
[Site "LSS email"]
[Date "2016.08.07"]
[Round "?"]
[White "Plotnikov, Vladimir Anatolievi"]
[Black "Turoczi, Peter"]
[Result "1/2-1/2"]
[WhiteElo "1360"]
[BlackElo "1655"]
[PlyCount "36"]
[EventDate "2016.06.07"]
[EventType "tourn (corr)"]
[EventRounds "6"]
[EventCountry "GER"]
[SourceTitle "Corr 2022"]
[Source "ChessBase"]
[SourceDate "2021.10.24"]
[SourceVersion "1"]
[SourceVersionDate "2021.10.24"]
[SourceQuality "1"]

1. e4 c5 2. Nf3 d6 3. d4 cxd4 4. Nxd4 Nf6 5. Nc3 a6 6. Bg5 e6 7. Qf3 Nbd7 8. Be2 Qc7 9. a4 h6 10. Bc1 Ne5 11. Qg3 Ng6 12. Bd3 Be7 13. 0-0 0-0 14. a5 Nh5 15. Qf3 Nf6 16. Be3 Bd7 17. Be2 Rac8 18. Qg3 Qb8 1/2-1/2